[Event "Linares"]
[Site "?"]
[Date "2001.02.23"]
[Round "1"]
[White "Grischuk, Alexander"]
[Black "Polgar, Judit"]
[Result "1/2-1/2"]
[WhiteElo "2663"]
[BlackElo "2676"]
[PlyCount "82"]
[EventDate "2001.??.??"]

1. e4 c5 2. Nf3 e6 3. d4 cxd4 4. Nxd4 Nc6 5. Nc3 Qc7 6. Be2 a6 7. O-O Nf6 8.
Kh1 Nxd4 9. Qxd4 Bc5 10. Qd3 b5 11. f4 Bb7 12. Bf3 O-O 13. e5 Ne8 14. a4 b4 15.
Bxb7 Qxb7 16. Ne4 Be7 17. Be3 Qc6 18. Ng5 g6 19. Rad1 d6 20. Bd4 dxe5 21. Bxe5
Nf6 22. Qh3 h5 23. Nf3 Ng4 24. Nd4 Qc5 25. Qg3 Rad8 26. c3 bxc3 27. bxc3 Rd5
28. Rde1 Rc8 29. Rf3 Bf8 30. h3 Nxe5 31. fxe5 Bg7 32. Rfe3 Qa5 33. Nxe6 fxe6
34. Qxg6 Qb6 35. Rf3 Rf8 36. Rxf8+ Kxf8 37. Rf1+ Kg8 38. Qf7+ Kh8 39. Qxh5+ Kg8
40. Qf7+ Kh7 41. Qh5+ Kg8 1/2-1/2

[Event "Linares"]
[Site "?"]
[Date "2001.02.24"]
[Round "2"]
[White "Karpov, Anatoly"]
[Black "Grischuk, Alexander"]
[Result "1/2-1/2"]
[WhiteElo "2679"]
[BlackElo "2663"]
[PlyCount "38"]
[EventDate "2001.??.??"]

1. d4 d5 2. c4 e6 3. Nf3 c6 4. Qc2 dxc4 5. Qxc4 Nf6 6. Bg5 b5 7. Qc2 Bb7 8. e4
Nbd7 9. Nbd2 a6 10. a4 h6 11. Bxf6 Qxf6 12. e5 Qd8 13. Bd3 Be7 14. O-O O-O 15.
Ne4 c5 16. axb5 axb5 17. dxc5 Rxa1 18. Rxa1 Bxe4 19. Bxe4 Nxc5 1/2-1/2